000 01128nam a2200313 i 4500
005 20220317001548.0
007 ta
008 21073022013 ck a er spa d spa
020 _a9789587621686
040 _aCO-BoRNBP
_bspa
_cCO-BoRNBP
_erda
041 0 _aspa
082 0 4 _a658.041
_bA71e
_222
100 1 _aAragoneses Cáceres, Ignacio,
_eautor
245 1 3 _aLa empresa familiar y el pequeño negocio
_cIgnacio Aragoneses Cáceres
250 _aPrimera edición
264 1 _aBogotá
_bEdiciones de la U
_c2013
300 _a289 páginas
_bilustraciones
_c24 cm
336 _atexto
_btxt
_2rdacontent
337 _asin mediación
_bn
_2rdamedia
338 _avolumen
_bnc
_2rdacarrier
490 _aAdministración
500 _aIncluye índice alfabético
504 _aIncluye referencias bibliográficas
505 _aLa gestión -- La familia vs empresa -- La relación familiar -- Los malos hábitos -- El empresario
650 1 7 _aAdministración de empresas familiares
_2ARMARC
650 1 7 _aComunicación organizacional
_2ARMARC
650 1 7 _aNegocios
_xAdministración
_2ARMARC
942 _2ddc
_cBK
999 _c7375
_d7375